H.L.A. Hart y la teoría analítica del derecho

שמור ב:
מידע ביבליוגרפי
מחבר ראשי: Páramo Argüelles, Juan Ramón de (autor)
פורמט: ספר
שפה:ספרדית
יצא לאור: Madrid Centro de Estudios Constitucionales 1984
סדרה:El derecho y la Justicia. Elías Díaz
נושאים:
תגים: הוספת תג
אין תגיות, היה/י הראשונ/ה לתייג את הרשומה!

MARC

LEADER 00000nam a2200000 a 4500
001 UCV1168
003 CL-VaPUC
008 891115e19840000SP |||||||||||||||||spa|d
082 0 4 |a 340.109  |b PAR  |2 21 
100 |a Páramo Argüelles, Juan Ramón de  |e autor  |9 295410 
245 1 0 |a H.L.A. Hart y la teoría analítica del derecho 
300 |a 470 p 
942 |c BK 
945 |d 19891115 00:00:00 
260 |a Madrid  |b Centro de Estudios Constitucionales  |c 1984 
650 7 |a DERECHO TEORIA  |2 CL-VaPUC  |9 295411 
583 |a last modification  |c 19891115 00:00:00  |k Rodrigo Vera 
490 0 |a El derecho y la Justicia. Elías Díaz 
999 |c 209204  |d 209202 
952 |0 0  |1 0  |4 0  |6 340_109000000000000_PAR_1984  |7 0  |8 DER_TF  |9 184510  |a BIBDER  |b BIBDER  |d 2019-11-14  |i 2517701  |o 340.109 PAR 1984  |p 2517701  |r 2023-01-25  |w 2019-11-14  |x Ubicación 4to Piso  |y BK  |z Estos recursos deben solicitarse con anticipación  |k DER